| 000 | 01047nas a2200361 4500 | ||
|---|---|---|---|
| 001 | BR0804465 | ||
| 003 | BR-BrBNA | ||
| 005 | 20231205112345.0 | ||
| 007 | ta | ||
| 008 | 230509b bl.|||p| |||| 00| 00por d | ||
| 040 |
_aBR-BrBNA _bpor _cBiblioteca Nacional de Agricultura |
||
| 041 | _a(Pt) | ||
| 072 | _aL51; M12 | ||
| 100 | 1 | _aFalcon, D.R. | |
| 100 | 1 | _aBarros, M.M. | |
| 100 | 1 | _aPezzato, L.E. | |
| 100 | 1 | _aValle, J. de B. | |
| 245 | 1 | _aLipídeo e vitamina C em dietas preparatórias de inverno para tilápia-do-nilo | |
| 650 | _aTILÁPIA NILÓTICA | ||
| 650 | _aDIETA | ||
| 650 | _aLIPÍDEO | ||
| 650 | _aVITAMINA C | ||
| 650 | _aBROMATOLOGIA | ||
| 650 | _aEXIGÊNCIA NUTRICIONAL | ||
| 650 | _aINVERNO | ||
| 650 | _aFRIO | ||
| 650 | _aSTRESS | ||
| 650 | _aGANHO DE PESO | ||
| 650 | _aABSORÇÃO DE NUTRIENTES | ||
| 773 | 0 |
_tRevista Brasileira de Zootecnia (Brazil) _xISSN 1516-3598 _g(Sep-Oct 2007), v. 36(5)suplemento p. 1462-1472 _wBR0804465 |
|
| 909 |
_a202311 _bLúcia _c55 _dLúcia Elande |
||
| 942 |
_2AGRIS _n0 _cANA |
||
| 999 |
_c197612 _d197612 |
||